00796nam a2200169 a 450000100060000000300090000600800410001502000150005604000280007108200160009910000400011524501170015526000370027230000090030950502710031865000370058920729CO-ViMGA141112s2004 ck r 000 u spa d a8483222000 aCO-ViMGAbspacCO-ViMGA04a657.4 L674p1 aLosilla Ramirez, Máximo Francisco10aPlan General de contabilidad R.D. 1643 / c1990 (20 - 12 - 90)incluye normativa del ICAC y adaptación al euro. aMadrid : bPrentice Hall, c2000 a208p aReal decreto 1643/1990 de 20 de Diciembre, por el que se aprueba el plan general de contabilidad 9 - - Cuadro de cuentas 23 - - Definiciones y relaciones contables 37 - - Cuentas anuales 101 - - Normas de valoración 133 - - Relación alfabética de cuentas 183 14aCONTABILIDAD - NORMAS - ESPAÑA